<?xml version="1.0" encoding="UTF-8"?><?xml-stylesheet type="text/xsl" href="static/style.xsl"?><OAI-PMH xmlns="http://www.openarchives.org/OAI/2.0/" xmlns:xsi="http://www.w3.org/2001/XMLSchema-instance" xsi:schemaLocation="http://www.openarchives.org/OAI/2.0/ http://www.openarchives.org/OAI/2.0/OAI-PMH.xsd"><responseDate>2026-04-14T02:35:06Z</responseDate><request verb="GetRecord" identifier="oai:www.recercat.cat:10256/21622" metadataPrefix="marc">https://recercat.cat/oai/request</request><GetRecord><record><header><identifier>oai:recercat.cat:10256/21622</identifier><datestamp>2024-05-22T11:30:48Z</datestamp><setSpec>com_2072_452966</setSpec><setSpec>com_2072_2054</setSpec><setSpec>col_2072_452968</setSpec></header><metadata><record xmlns="http://www.loc.gov/MARC21/slim" xmlns:dcterms="http://purl.org/dc/terms/" xmlns:xsi="http://www.w3.org/2001/XMLSchema-instance" xmlns:doc="http://www.lyncode.com/xoai" xsi:schemaLocation="http://www.loc.gov/MARC21/slim http://www.loc.gov/standards/marcxml/schema/MARC21slim.xsd">
   <leader>00925njm 22002777a 4500</leader>
   <datafield ind2=" " ind1=" " tag="042">
      <subfield code="a">dc</subfield>
   </datafield>
   <datafield ind2=" " ind1=" " tag="720">
      <subfield code="a">Hernando Sastre, Alex</subfield>
      <subfield code="e">author</subfield>
   </datafield>
   <datafield ind2=" " ind1=" " tag="260">
      <subfield code="c">2022-06-01</subfield>
   </datafield>
   <datafield ind2=" " ind1=" " tag="520">
      <subfield code="a">Socially Responsible Investment (SRI) is a fashionable concept in the financial industry and is&#xd;
driven by growing demand and the push for global regulation. There are two clear reasons for&#xd;
this growth.&#xd;
• The promotion at the legislative level of the adoption of sustainable criteria to deal with&#xd;
the extra-financial risks increasingly present in investments.&#xd;
• The concern and awareness of investors are having a positive impact on this type of&#xd;
investment.&#xd;
In this sense and even though it is increasingly adopted, the general ignorance on the part of&#xd;
investors makes it not understood what SRI is and even generates distrust in retail investors with&#xd;
a more archaic vision of the world of investment.&#xd;
This work aims to bring the investor closer to this interesting world and highlight the problems&#xd;
of ESG (Environmental, Social and Good Governance) valuation, the lack of clear regulations at&#xd;
both the state and supranational levels, and the lack of knowledge that currently exists in&#xd;
society, although the most important objective is to make a ranking with analysis and&#xd;
methodology on the best sustainable investment funds in the Spanish SRI market.&#xd;
In the second section, we will introduce what a sustainable investment fund is, the Sustainable&#xd;
Development Goals (SDG), and the different SRI strategies that exist</subfield>
   </datafield>
   <datafield ind1="8" ind2=" " tag="024">
      <subfield code="a">http://hdl.handle.net/10256/21622</subfield>
   </datafield>
   <datafield tag="653" ind2=" " ind1=" ">
      <subfield code="a">Social responsibility of business</subfield>
   </datafield>
   <datafield tag="653" ind2=" " ind1=" ">
      <subfield code="a">Empreses - Responsabilitat social</subfield>
   </datafield>
   <datafield tag="653" ind2=" " ind1=" ">
      <subfield code="a">Inversions</subfield>
   </datafield>
   <datafield tag="653" ind2=" " ind1=" ">
      <subfield code="a">Investments</subfield>
   </datafield>
   <datafield tag="653" ind2=" " ind1=" ">
      <subfield code="a">Welfare state</subfield>
   </datafield>
   <datafield tag="653" ind2=" " ind1=" ">
      <subfield code="a">Estat del benestar</subfield>
   </datafield>
   <datafield ind2="0" ind1="0" tag="245">
      <subfield code="a">Analysis of sustainable investment funds in Spain 2021-2022</subfield>
   </datafield>
</record></metadata></record></GetRecord></OAI-PMH>